000 00340nam a2200133Ia 4500
005 20260326100028.0
008 260326s9999||||xx |||||||||||||| ||und||
100 _aHintzen-Bohlen, Brigitte
245 0 _aArte y Arquitectura en Roma /
_cBrigitte Hintzen-Bohlen
260 _bKönemann
300 _a626 p.
650 _aHISTORIA
942 _cBK
999 _c6481
_d6481